000 00904nam a2200253Ia 4500
003 OSt
005 20220923231012.0
006 a|||||r|||| 00| 0
007 ta
008 220922b |||||||| |||| 00| 0 pan d
020 _c160
024 _a353,340
037 _b1198, 02/03/2020, H.K. Prakashan
_cTextual
040 _aARTS
_cARTS
_bpan
041 _2pan
_apan
082 _aQ8441, 153Q8
100 _aਪ੍ਰਵਾਨਾ, ਜਸਵੰਤ ਸਿੰਘ, ਂਚ.
245 0 _aਜਾਗਤ ਜੋਤ ਵਾਹਿਗੁਰੂ ਜੀ ਕੀ ਖ਼ਤਹਿ
260 _aਜਲੰਧਰ
_b ਨਿਊ ਬੁੱਕ ਕੰਪਨੀ
_c2018
300 _a206ਪ੍ਰ0
_ccm.
650 _aਸਿੱਖ ਧਰਮ
_9156314
942 _hQ8441, 153Q8
_cTEXL
_2CC
999 _c388715
_d388715